<?xml version="1.0" encoding="UTF-8"?>
<record
    xmlns:xsi="http://www.w3.org/2001/XMLSchema-instance"
    xsi:schemaLocation="http://www.loc.gov/MARC21/slim http://www.loc.gov/standards/marcxml/schema/MARC21slim.xsd"
    xmlns="http://www.loc.gov/MARC21/slim">

  <leader>04597nam a2201141 c 4500</leader>
  <controlfield tag="003">PE-LiUPU</controlfield>
  <controlfield tag="005">20250813185709.0</controlfield>
  <controlfield tag="008">181010s2018    sp     | |||| 000 0 spa  </controlfield>
  <datafield tag="020" ind1=" " ind2=" ">
    <subfield code="a">9788430975365</subfield>
  </datafield>
  <datafield tag="040" ind1=" " ind2=" ">
    <subfield code="a">SpMaBN</subfield>
    <subfield code="b">spa</subfield>
    <subfield code="c">34.02</subfield>
    <subfield code="e">rda</subfield>
    <subfield code="d">34.02</subfield>
  </datafield>
  <datafield tag="082" ind1=" " ind2=" ">
    <subfield code="2">23</subfield>
    <subfield code="a">349.1</subfield>
    <subfield code="b">R482o</subfield>
  </datafield>
  <datafield tag="100" ind1="1" ind2=" ">
    <subfield code="a">Ribas Alba, Jos&#xE9; Mar&#xED;a</subfield>
    <subfield code="d">1961-</subfield>
    <subfield code="e">autor</subfield>
    <subfield code="4">aut</subfield>
    <subfield code="0">XX1684213</subfield>
  </datafield>
  <datafield tag="245" ind1="1" ind2="0">
    <subfield code="a">Origen del estado en Roma /</subfield>
    <subfield code="c">Jos&#xE9; Mar&#xED;a Ribas Alba</subfield>
  </datafield>
  <datafield tag="264" ind1=" " ind2="1">
    <subfield code="a">Madrid</subfield>
    <subfield code="b">Tecnos,</subfield>
    <subfield code="c">[2018]</subfield>
  </datafield>
  <datafield tag="264" ind1=" " ind2="4">
    <subfield code="c">&#xA9;2018</subfield>
  </datafield>
  <datafield tag="300" ind1=" " ind2=" ">
    <subfield code="a">239 p&#xE1;ginas :</subfield>
    <subfield code="c">24 cent&#xED;metros.</subfield>
  </datafield>
  <datafield tag="336" ind1=" " ind2=" ">
    <subfield code="a">Texto</subfield>
    <subfield code="2">rdacontent</subfield>
  </datafield>
  <datafield tag="337" ind1=" " ind2=" ">
    <subfield code="a">sin mediaci&#xF3;n</subfield>
    <subfield code="2">rdamedia</subfield>
  </datafield>
  <datafield tag="338" ind1=" " ind2=" ">
    <subfield code="a">Texto</subfield>
    <subfield code="2">rdacontent</subfield>
  </datafield>
  <datafield tag="504" ind1=" " ind2=" ">
    <subfield code="a">Bibliograf&#xED;a: p&#xE1;ginas 211-239</subfield>
  </datafield>
  <datafield tag="505" ind1=" " ind2=" ">
    <subfield code="a">PRESUPUESTOS DE UNA TEOR&#xCD;A SOBRE EL ORIGEN DEL ESTADO -- EL PROBLEMA DEL ORIGEN DEL ESTADO, PLANTEAMIENTO INTRODUCTORIO -- EL MODELO NEOEVOLUCIONISTA SOBRE LAS FORMAS DE ORGANIZACI&#xD3;N POL&#xCD;TICA. FAMILIAS Y BANDAS -- ESTADO Y DERECHO EN EL COMIENZO: &#xBF;FAMILIA NUCLEAR O PROMISCUIDAD Y MATRIMONIO DE GRUPO? -- SOCIEDADES SEGMENTARIAS -- LA ECONOM&#xCD;A Y EL DERECHO PATRIMONIAL TRIBAL -- SOCIEDADES DE JEFATURA. &#xBF;JEFATURAS COMPUESTAS O EARLY STATES? -- EL REX NEMORENSIS -- EL NACIMIENTO DEL ESTADO. FORMACI&#xD3;N Y FUNDACI&#xD3;N -- LA TEOR&#xCD;A DEL ESTADO COMO FEN&#xD3;MENO POL&#xCD;TICO UNIVERSAL Y NECESARIO -- TEOR&#xCD;AS DE LA INTEGRACI&#xD3;N, TEOR&#xCD;AS DEL CONFLICTO -- EL ESTADO SEG&#xDA;N R. L. CARNEIRO -- EL TERRITORIO Y EL CASO DE LOS PUEBLOS N&#xD3;MADAS EL ESTADO-CIUDAD Y EL ESTADO TERRITORIAL -- UN EXCURSUS SOBRE EL T&#xC9;RMINO &#xAB;ESTADO&#xBB; -- ROMA, FORMACI&#xD3;N Y FUNDACI&#xD3;N DE UN ESTADO -- GU&#xCD;A TERMINOL&#xD3;GICA M&#xCD;NIMA PARA LA COMPRENSI&#xD3;N DE ESTA SEGUNDA PARTE -- HISTORIA DE COSAS E HISTORIA DE PALABRAS. REDUCCI&#xD3;N FILOL&#xD3;GICA Y REDUCCI&#xD3;N SOCIOL&#xD3;GICA. LOS PELIGROS DEL USO ACR&#xCD;TICO DE LA TERMINOLOG&#xCD;A -- ARQUEOLOG&#xCD;A E INTERPRETACI&#xD3;N ANTROPOL&#xD3;GIC0-INSTITUCIONAL -- PROTOHISTORIA. UNA REFERENCIA A LOS ETRUSCOS -- LA REVOLUCI&#xD3;N PROTOURBANA -- DESCRIPCI&#xD3;N Y CR&#xCD;TICA DE LA EXPOSICI&#xD3;N DE CARANDINI SOBRE LAS INSTITUCIONES DEL PER&#xCD;ODO PROTOURBANO. SOCIEDAD DE PASTORES: PARILIA. PECUNIA Y POSSES-SIO DEL AGER PUBLICUS COMO MANIFESTACIONES DE UNA SOCIEDAD GANADERA -- LATIUM VETUS: L&#xCD;MITES Y EVOLUCI&#xD3;N ESQUEM&#xC4;TICA DE LOS ASENTAMIENTOS SEG&#xDA;N LA ARQUEOLOG&#xCD;A -- HACIA LA FORMACI&#xD3;N DE LOS CENTROS PROTOURBANOS (Y URBANOS) SEG&#xDA;N R. PERONI. ARGUMENTOS PARA LA EXCLUSI&#xD3;N DE UNA APROXIMACI&#xD3;N PRIMITIVISTA A LA ROMA ARCAICA -- LAS FORMACIONES PREURBANAS EN EL LACIO. LIGAS Y HEGEMON&#xCD;AS. NOMEN LATINUM &#x2013; LA DESIGNACI&#xD3;N DEL REX LATINO. EL CASO DE R&#xD3;MULO Y REMO. NUMA, FLAMEN DIALIS Y REX. PATRICIUS. INTERREX -- HIP&#xD3;TESIS SOBRE LA INAUGURATIO DEL REX PROTOURBANO. EL FLAMEN DIALIS Y EL REX: UN PODER DUAL, J&#xDA;PITER Y JANO -- &#xBF;UN ESTADO LATINO? LA FINALIDAD DEL DERECHO FECIAL -- ROMA: DESDE UNA ALDEA EN LA EDAD DEL BRONCE HACIA LA CIUDAD DE MEDIADOS DEL SIGLO VIII a. C. LA FUNDACI&#xD3;N DE LA URBS. POPULUS ROMANUS QUIRITES.</subfield>
  </datafield>
  <datafield tag="526" ind1=" " ind2=" ">
    <subfield code="a">P202</subfield>
  </datafield>
  <datafield tag="526" ind1=" " ind2=" ">
    <subfield code="a">P201</subfield>
  </datafield>
  <datafield tag="526" ind1=" " ind2=" ">
    <subfield code="a">P163</subfield>
  </datafield>
  <datafield tag="526" ind1=" " ind2=" ">
    <subfield code="a">P162</subfield>
  </datafield>
  <datafield tag="526" ind1=" " ind2=" ">
    <subfield code="a">P161</subfield>
  </datafield>
  <datafield tag="526" ind1=" " ind2=" ">
    <subfield code="a">P160</subfield>
  </datafield>
  <datafield tag="526" ind1=" " ind2=" ">
    <subfield code="a">P148</subfield>
  </datafield>
  <datafield tag="526" ind1=" " ind2=" ">
    <subfield code="a">P147</subfield>
  </datafield>
  <datafield tag="526" ind1=" " ind2=" ">
    <subfield code="a">P146</subfield>
  </datafield>
  <datafield tag="526" ind1=" " ind2=" ">
    <subfield code="a">P145</subfield>
  </datafield>
  <datafield tag="526" ind1=" " ind2=" ">
    <subfield code="a">P144</subfield>
  </datafield>
  <datafield tag="526" ind1=" " ind2=" ">
    <subfield code="a">P143</subfield>
  </datafield>
  <datafield tag="526" ind1=" " ind2=" ">
    <subfield code="a">P142</subfield>
  </datafield>
  <datafield tag="526" ind1=" " ind2=" ">
    <subfield code="a">P141</subfield>
  </datafield>
  <datafield tag="526" ind1=" " ind2=" ">
    <subfield code="a">P140</subfield>
  </datafield>
  <datafield tag="526" ind1=" " ind2=" ">
    <subfield code="a">P139</subfield>
  </datafield>
  <datafield tag="526" ind1=" " ind2=" ">
    <subfield code="a">P138</subfield>
  </datafield>
  <datafield tag="526" ind1=" " ind2=" ">
    <subfield code="a">P137</subfield>
  </datafield>
  <datafield tag="526" ind1=" " ind2=" ">
    <subfield code="a">P136</subfield>
  </datafield>
  <datafield tag="526" ind1=" " ind2=" ">
    <subfield code="a">P135</subfield>
  </datafield>
  <datafield tag="526" ind1=" " ind2=" ">
    <subfield code="a">P134</subfield>
  </datafield>
  <datafield tag="526" ind1=" " ind2=" ">
    <subfield code="a">P133</subfield>
  </datafield>
  <datafield tag="526" ind1=" " ind2=" ">
    <subfield code="a">P129</subfield>
  </datafield>
  <datafield tag="526" ind1=" " ind2=" ">
    <subfield code="a">P128</subfield>
  </datafield>
  <datafield tag="526" ind1=" " ind2=" ">
    <subfield code="a">P127</subfield>
  </datafield>
  <datafield tag="526" ind1=" " ind2=" ">
    <subfield code="a">P120</subfield>
  </datafield>
  <datafield tag="526" ind1=" " ind2=" ">
    <subfield code="a">P119</subfield>
  </datafield>
  <datafield tag="526" ind1=" " ind2=" ">
    <subfield code="a">P118</subfield>
  </datafield>
  <datafield tag="526" ind1=" " ind2=" ">
    <subfield code="a">P116</subfield>
  </datafield>
  <datafield tag="526" ind1=" " ind2=" ">
    <subfield code="a">P115</subfield>
  </datafield>
  <datafield tag="526" ind1=" " ind2=" ">
    <subfield code="a">P114</subfield>
  </datafield>
  <datafield tag="526" ind1=" " ind2=" ">
    <subfield code="a">P110</subfield>
  </datafield>
  <datafield tag="526" ind1=" " ind2=" ">
    <subfield code="a">P109</subfield>
  </datafield>
  <datafield tag="526" ind1=" " ind2=" ">
    <subfield code="a">P108</subfield>
  </datafield>
  <datafield tag="526" ind1=" " ind2=" ">
    <subfield code="a">P104</subfield>
  </datafield>
  <datafield tag="526" ind1=" " ind2=" ">
    <subfield code="a">P103</subfield>
  </datafield>
  <datafield tag="526" ind1=" " ind2=" ">
    <subfield code="a">P102</subfield>
  </datafield>
  <datafield tag="526" ind1=" " ind2=" ">
    <subfield code="a">P99</subfield>
  </datafield>
  <datafield tag="526" ind1=" " ind2=" ">
    <subfield code="a">P98</subfield>
  </datafield>
  <datafield tag="526" ind1=" " ind2=" ">
    <subfield code="a">P97</subfield>
  </datafield>
  <datafield tag="526" ind1=" " ind2=" ">
    <subfield code="a">P96</subfield>
  </datafield>
  <datafield tag="526" ind1=" " ind2=" ">
    <subfield code="a">P95</subfield>
  </datafield>
  <datafield tag="526" ind1=" " ind2=" ">
    <subfield code="a">P93</subfield>
  </datafield>
  <datafield tag="526" ind1=" " ind2=" ">
    <subfield code="a">P90</subfield>
  </datafield>
  <datafield tag="526" ind1=" " ind2=" ">
    <subfield code="a">P89</subfield>
  </datafield>
  <datafield tag="526" ind1=" " ind2=" ">
    <subfield code="a">P88</subfield>
  </datafield>
  <datafield tag="526" ind1=" " ind2=" ">
    <subfield code="a">P83</subfield>
  </datafield>
  <datafield tag="526" ind1=" " ind2=" ">
    <subfield code="a">P82</subfield>
  </datafield>
  <datafield tag="526" ind1=" " ind2=" ">
    <subfield code="a">P62</subfield>
  </datafield>
  <datafield tag="526" ind1=" " ind2=" ">
    <subfield code="a">P59</subfield>
  </datafield>
  <datafield tag="526" ind1=" " ind2=" ">
    <subfield code="a">P58</subfield>
  </datafield>
  <datafield tag="526" ind1=" " ind2=" ">
    <subfield code="a">P57</subfield>
  </datafield>
  <datafield tag="526" ind1=" " ind2=" ">
    <subfield code="a">P51</subfield>
  </datafield>
  <datafield tag="526" ind1=" " ind2=" ">
    <subfield code="a">P49</subfield>
  </datafield>
  <datafield tag="526" ind1=" " ind2=" ">
    <subfield code="a">P48</subfield>
  </datafield>
  <datafield tag="526" ind1=" " ind2=" ">
    <subfield code="a">P47</subfield>
  </datafield>
  <datafield tag="526" ind1=" " ind2=" ">
    <subfield code="a">P29</subfield>
  </datafield>
  <datafield tag="526" ind1=" " ind2=" ">
    <subfield code="a">P24</subfield>
  </datafield>
  <datafield tag="526" ind1=" " ind2=" ">
    <subfield code="a">P20</subfield>
  </datafield>
  <datafield tag="526" ind1=" " ind2=" ">
    <subfield code="a">P19</subfield>
  </datafield>
  <datafield tag="526" ind1=" " ind2=" ">
    <subfield code="a">P17</subfield>
  </datafield>
  <datafield tag="526" ind1=" " ind2=" ">
    <subfield code="a">P15</subfield>
  </datafield>
  <datafield tag="526" ind1=" " ind2=" ">
    <subfield code="a">P14</subfield>
  </datafield>
  <datafield tag="526" ind1=" " ind2=" ">
    <subfield code="a">P12</subfield>
  </datafield>
  <datafield tag="526" ind1=" " ind2=" ">
    <subfield code="a">P10</subfield>
  </datafield>
  <datafield tag="526" ind1=" " ind2=" ">
    <subfield code="a">P09</subfield>
  </datafield>
  <datafield tag="526" ind1=" " ind2=" ">
    <subfield code="a">P08</subfield>
  </datafield>
  <datafield tag="526" ind1=" " ind2=" ">
    <subfield code="a">P07</subfield>
  </datafield>
  <datafield tag="526" ind1=" " ind2=" ">
    <subfield code="a">P06</subfield>
  </datafield>
  <datafield tag="526" ind1=" " ind2=" ">
    <subfield code="a">P05</subfield>
  </datafield>
  <datafield tag="526" ind1=" " ind2=" ">
    <subfield code="a">P04</subfield>
  </datafield>
  <datafield tag="526" ind1=" " ind2=" ">
    <subfield code="a">P01</subfield>
  </datafield>
  <datafield tag="650" ind1="1" ind2="7">
    <subfield code="a">Derecho romano</subfield>
    <subfield code="v">Historia</subfield>
    <subfield code="2">embne</subfield>
  </datafield>
  <datafield tag="942" ind1=" " ind2=" ">
    <subfield code="2">ddc</subfield>
    <subfield code="c">BK</subfield>
    <subfield code="n">0</subfield>
  </datafield>
  <datafield tag="956" ind1=" " ind2=" ">
    <subfield code="a">2</subfield>
  </datafield>
  <datafield tag="999" ind1=" " ind2=" ">
    <subfield code="c">62471</subfield>
    <subfield code="d">62470</subfield>
  </datafield>
  <datafield tag="980" ind1=" " ind2=" ">
    <subfield code="6">18226</subfield>
    <subfield code="a">Jaime Vilcaz&#xE1;n Jefe de An&#xE1;lisis Documental</subfield>
    <subfield code="8">1</subfield>
    <subfield code="g">ALBERTO SANCHEZ Responsable de Automatizaci&#xF3;n</subfield>
  </datafield>
  <datafield tag="952" ind1=" " ind2=" ">
    <subfield code="r">2025-12-02 00:00:00</subfield>
    <subfield code="l">1</subfield>
    <subfield code="o">349.1 R482o</subfield>
    <subfield code="p">82067</subfield>
    <subfield code="s">2024-08-20</subfield>
    <subfield code="t">E1</subfield>
    <subfield code="v">51.84</subfield>
    <subfield code="w">2024-06-20</subfield>
    <subfield code="x">FACIHED</subfield>
    <subfield code="y">BK</subfield>
    <subfield code="1">0</subfield>
    <subfield code="2">ddc</subfield>
    <subfield code="5">0</subfield>
    <subfield code="7">0</subfield>
    <subfield code="8">GEN</subfield>
    <subfield code="f">P143</subfield>
    <subfield code="a">BUL</subfield>
    <subfield code="b">BUL</subfield>
    <subfield code="c">GEN</subfield>
    <subfield code="d">2024-06-17</subfield>
    <subfield code="e">Compra, Evoluci&#xF3;n Libros</subfield>
    <subfield code="g">46.84</subfield>
  </datafield>
</record>
